MARC

LEADER 00000nam0a2200000 4500
001 187467
005 20231101224052.0
035 |a (RuTPU)RU\TPU\book\203424 
090 |a 187467 
100 |a 20101116d1957 k y0rusy50 ca 
101 0 |a rus 
102 |a RU 
105 |a a z 101zy 
200 1 |a Рост кристаллов  |e доклады на Первом совещании по росту кристаллов,5 - 10 марта 1956 г., г. Москва  |f Академия наук СССР (АН СССР), Институт кристаллографии им. А. В. Шубникова (ИК) ; сост. И. С. Желудев, Л. А. Шувалов 
210 |a Москва  |c Изд-во АН СССР  |d 1957 
215 |a 375 с.  |c ил. 
320 |a Библиогр. в конце докл. 
606 1 |a Кристаллы  |x Рост  |2 stltpush  |3 (RuTPU)RU\TPU\subj\16370  |9 42452 
610 1 |a совещания 
610 1 |a кристаллизация 
610 1 |a исследование 
610 1 |a монокристаллы 
610 1 |a выращивание 
610 1 |a кристаллография 
610 1 |a теория 
610 1 |a экспериментальные исследования 
610 1 |a аппаратура 
610 1 |a методика 
675 |a 548.52  |v 3 
702 1 |a Желудев  |b И. С.  |4 220 
702 1 |a Шувалов  |b Л. А.  |4 220 
712 0 2 |a Академия наук СССР (АН СССР)  |b Институт кристаллографии им. А. В. Шубникова (ИК)  |c (Москва)  |2 stltpush  |3 (RuTPU)RU\TPU\col\11554 
712 1 2 |a Рост кристаллов  |c совещание  |d 1  |e Москва  |f 1956 
801 1 |a RU  |b 63413507  |c 20101116 
801 2 |a RU  |b 63413507  |c 20200821  |g RCR 
942 |c BK